| 000 | 01099nab a2200205 i 4500 | ||
|---|---|---|---|
| 001 | 768714001 | ||
| 003 | CO-MdFUSB | ||
| 005 | 20240426103448.0 | ||
| 008 | 230503s1997 us ||||| |||| 00| 0 eng d | ||
| 040 |
_beng _aCO-MdFUSB _cCO-MdFUSB _dCO-MdFUSB |
||
| 041 | _aeng | ||
| 100 |
_aChristian, Randy _eautor |
||
| 245 | 1 |
_aAfter a suicide _b: what is the best way to serve those left behind? _c/ Randy Christian |
|
| 300 |
_aVolumen 18, número 4 (Fall 1997), páginas 84 - 89 _c; 27 cm. |
||
| 520 | _aMuchas personas cometen suicidio cada año, y los expertos esperan que sigan aumentando las cifras. Randy Christian, el autor de Leadership Classic, alguna vez escribió un artículo sobre este tema, a lo que muchos pastores respondieron positivamente al reconocer lo útil que fue poder hablar sobre el suicidio abiertamente. Por lo que nuevamente traerá este tema a colación. | ||
| 546 | _aTexto en Inglés | ||
| 650 | 0 |
_91110 _aSuicidio |
|
| 773 | 0 |
_068780 _981930 _oR2460 _tLeadership : _w(CO-MdFUSB)768714001 _gVolumen 18, número 4 (Fall 1997), páginas 84 - 89 _qpágina 84 |
|
| 942 | _cANA | ||
| 999 |
_c68832 _d68832 |
||